| 000 | 02180cam a22001934a 4500 | ||
|---|---|---|---|
| 005 | 20250605164122.0 | ||
| 008 | 250528s ||||||||||||||||||||||||d | ||
| 035 | _a18321 | ||
| 020 | _a9603512567 | ||
| 040 |
_aGR-AtMCL _bgre _dGR-AtMCL _eAACR2 |
||
| 245 | 1 | _aΧρηματιστηριακές Επενδύσεις / Ανάπτυξη και Εφαρμογή Επενδυτικής Στρατηγικής στο Χρηματιστήριο | |
| 260 |
_bΣταμούλης, _c1999 |
||
| 300 | _a288 | ||
| 520 | _aΑπαραίτητο βιβλίο για κάθε σκεπτόμενο επενδυτή. Πρόλογος, Επενδυτικές Αρχές, Πώς Γίνεται η Επιλογή των Μετοχών, Σύγκριση Μετοχικών Αξιών, Ο Επενδυτικός Κίνδυνος, Πώς Γίνεται η Ανάλυση των Χρηματοοικονομικών Καταστάσεων, Αγορές Κεφαλαίων και Χρήματος, Μετοχές, Ομόλογα, Χρηματιστηριακές Συναλλαγές, Οι Αξίες των Μετοχών, Αύξηση Μετοχικού Κεφαλαίου, Πότε θα Πρέπει οι Επενδυτές να Συμμετέχουν σε μια Αύξηση Μετοχικού Κεφαλαίου, Εισαγωγή Εταιριών στο Χρηματιστήριο, Διαχείριση Ιδιωτικού Μετοχικού Χαρτοφυλακίου με Τεχνική Ανάλυση, Χρηματιστιριακός Δείκτης, Τι Συμβαίνει με τις Συγχωνεύσεις και τις Εξαγορές, Κερδοσκοπία και Κερδοσκοπική Στρατηγική και Αντιμετώπιση, Πώς θα Επενδύσετε σε Ξένα Χρηματιστήρια, Αμοιβαία Κεφάλαια, Χρηματιστηριακά Παράγωγα Future και Options, Οι Νόμοι και οι Κανονισμοί που Ρυθμίζουν τη Λειτουργία του Χρηματιστηρίου. | ||
| 700 | 1 |
_aΘεοδωρόπουλος Θεόδωρος _94596 |
|
| 942 | _cBK | ||
| 999 |
_c3684 _d3684 |
||